000 00381nam a22001217a 4500
082 _a200 THE
100 _aArslan Arif
_972691
245 _aTH-SOF-0825-IMPLEMENTATION OF LOAD MANAGEMENT STRATEGY TO ELIMINATE COMPLETE BLACKOUTS
260 _aISLAMABAD
_bNUST COLLEGE OF EME
_c2008
650 _aMS-EM-6 MSTHESIS
_970416
700 _aSUPERVISOR Dr. Akhtar Nawaz Malik
942 _cCF
999 _c578689
_d578689